000 01060nam a2200289Ia 4500
003 OSt
005 20221005110556.0
006 a|||||r|||| 00| 0
007 ta
008 221004b |||||||| |||| 00| 0 hin d
020 _a8126309881 (hbk)
_cINR 240.00
024 _a37046
037 _bBW/1688, 15/03/2018, Bookwell
_cTextual
040 _aCRL
_cCRL
_bhin
041 _2hin
_ahin
082 _aO152,3N3510,ZA, P4
100 _aत्यागी, भीमसेन, ले.
245 0 _aजमीन
246 _aJamīna
260 _aनई दिल्ली
_bभारतीय ज्ञानपीठ भारत
_c2004
300 _a353पृ0
_ccm.
490 _aलोकोदय ग्रन्थमाला; ग्रन्थांक 735
650 _a हिन्दी साहित्य
650 _aहिन्दी कहानी
942 _hO152,3N3510,ZA, P4
_cTEXL
_2cc
999 _c1019256
_d1019256